[Event "Joao Pessoa de Assis Memorial 3rd"]
[Site "Joao Pessoa"]
[Date "2023.10.20"]
[Round "1"]
[White "Dantas, Francisco"]
[Black "Lavogadae, Daniel Pereira"]
[Result "1/2-1/2"]
[WhiteElo "1892"]
[BlackElo "1554"]
[PlyCount "88"]
[EventDate "2023.10.20"]
[EventType "swiss"]
[EventRounds "6"]
[EventCountry "BRA"]
[SourceTitle "CBM 216 Extra"]
[Source "ChessBase"]
[SourceDate "2023.11.30"]
[SourceVersion "1"]
[SourceVersionDate "2023.11.30"]
[SourceQuality "1"]

1. d4 d5 2. c4 c6 3. cxd5 cxd5 4. Nc3 e6 5. Bf4 a6 6. Nf3 Nf6 7. e3 Nc6 8. Bd3 h6 9. h3 Bd6 10. Bxd6 Qxd6 11. 0-0 Bd7 12. Rc1 Rc8 13. Na4 0-0 14. Nc5 Rc7 15. a3 Rfc8 16. b4 Nb8 17. Qd2 Bc6 18. Ne5 Nfd7 19. Nxc6 Nxc6 20. Bb1 Nb6 21. Bd3 e5 22. dxe5 Nxe5 23. Be2 Rd8 24. Rfd1 Ned7 25. Ne4 Qe5 26. f4 Qxe4 27. Rxc7 Nf6 28. Rxb7 Nc4 29. Bxc4 Qxc4 30. Rc1 Qb3 31. Qc3 Qa2 32. Ra1 Qe2 33. Qe1 Qb2 34. Rc1 Ne4 35. Rcc7 Rf8 36. Rd7 Qa2 37. Ra7 Qxa3 38. Rxd5 Rc8 39. Rdd7 Rc1 40. Rd1 Rxd1 41. Qxd1 Qxe3+ 42. Kh2 Qg3+ 43. Kg1 Qe3+ 44. Kh2 Qg3+ 1/2-1/2